बिहार मे सविनय अवज्ञा आंदोलन (Record no. 1012767)

MARC details
000 -LEADER
fixed length control field 01077nam a2200277Ia 4500
003 - CONTROL NUMBER IDENTIFIER
control field OSt
005 - DATE AND TIME OF LATEST TRANSACTION
control field 20221005104445.0
008 - FIXED-LENGTH DATA ELEMENTS--GENERAL INFORMATION
fixed length control field 221004b |||||||| |||| 00| 0 hin d
020 ## - INTERNATIONAL STANDARD BOOK NUMBER
International Standard Book Number 9788178312354 (hbk)
037 ## - SOURCE OF ACQUISITION
Terms of availability Textual
040 ## - CATALOGING SOURCE
Original cataloging agency CRL
Transcribing agency CRL
Language of cataloging hin
041 ## - LANGUAGE CODE
Source of code hin
Language code of text/sound track or separate title hin
100 ## - MAIN ENTRY--PERSONAL NAME
Personal name घोष, पापिया
245 #0 - TITLE STATEMENT
Title बिहार मे सविनय अवज्ञा आंदोलन
Remainder of title 1930 - 1934
246 ## - VARYING FORM OF TITLE
Title proper/short title Bihār me savinaya avajnyā āandolana: 1930 - 1934
260 ## - PUBLICATION, DISTRIBUTION, ETC.
Place of publication, distribution, etc. दिल्ली
Name of publisher, distributor, etc. मानक पब्लिकेशन्स प्रा. लि. भारत
Date of publication, distribution, etc. 2011
300 ## - PHYSICAL DESCRIPTION
Extent 263पृ0
Dimensions cm.
650 ## - SUBJECT ADDED ENTRY--TOPICAL TERM
Topical term or geographic name entry element विश्व-इतिहास
700 ## - ADDED ENTRY--PERSONAL NAME
Personal name प्रजापति, ए. एल., अनु.
9 (RLIN) 623764
942 ## - ADDED ENTRY ELEMENTS (KOHA)
Classification part V273:51.N34<-N30, 152Q1
Koha item type Textual
Source of classification or shelving scheme
Holdings
Withdrawn status Lost status Damaged status Not for loan Home library Current library Date acquired Total Checkouts Full call number Barcode Date last seen Price effective from Koha item type
        Central Library Central Library 2022-10-05   V273:51.N34<-N30 152Q1 CL1513626 2022-10-05 2022-10-05 Textual
Copyright @ Delhi University Library System